000 00313nam a2200121Ia 4500
008 230303s9999 xx 000 0 und d
041 _aeng
082 _a610.28 ATT
100 _aATTWOOD (TERESA K.) Smith (David J. Parry)
245 _aIntroduction to bioinformatics
260 _aIndia
_bPEARSON
365 _cRS
999 _c180484
_d180484